000 01213naa a22002897a 4500
001 BR2700041
003 BR-BrBNA
005 20240918172742.0
007 ta
008 230509b bl.||||| |||| 00| 0 por d
040 _aBR-BrBNA
_bpor
_cBiblioteca Nacional de Agricultura
041 _a(Pt)
072 _aF00
_b0332
_bG514
090 _aF00 BR2700041
100 1 _aFuria, A.
111 1 _a2. Congresso Nacional de Oleos, Gorduras, Ceras e Resinas, e seus Derivados
_cRio de Janeiro, GB (Brazil)
_d29 May 1927
245 1 _aContribuicao ao estudo das materias primas oleaginosas do Brasil. Amendoim nhambyquare
260 3 _aRio de Janeiro, GB (Brasil):
_c1927.
500 _aAnnaes do Primeiro e Segundo Congresso Nacional de Oleos, Gorduras, Ceras e Resinas, e seus derivados Rio de Janeiro, GB (Brasil): 1927. p. 454-461 (BR2700041-AM)F00
650 _aAMENDOIM
650 _aOLEO VEGETAL
650 _aPLANTA OLEAGINOSA
650 _aANALISE QUIMICA
773 0 _tAnnaes do Primeiro e Segundo Congresso Nacional de Oleos, Gorduras, Ceras e Resinas, e seus derivados
_wF00 BR2700041
_gRio de Janeiro, GB (Brasil), 1927. p. 454-461
909 _a202404
_bLucia
_c55
_dLucia Elande
942 _cAM
_2AGRIS
999 _c301368
_d301368